[Event "Relampago R-033 corr"]
[Site "CXV corr"]
[Date "2001.08.11"]
[Round "?"]
[White "Resende de Almeida, Paulo Sergio"]
[Black "Neto Malvaso, Jose"]
[Result "1-0"]
[WhiteElo "1427"]
[BlackElo "1664"]
[PlyCount "73"]
[EventDate "2001.??.??"]
[EventType "tourn (corr)"]
[EventRounds "12"]
[EventCountry "BRA"]
[SourceTitle "Corr 2004"]
[Source "ChessBase"]
[SourceDate "2003.04.28"]
[SourceVersion "3"]
[SourceVersionDate "2003.04.28"]
[SourceQuality "1"]

1. g3 g6 2. Bg2 Bg7 3. d4 d5 4. Nf3 Nf6 5. 0-0 0-0 6. Nbd2 Nbd7 7. c3 Re8 8. Re1 e5 9. e4 exd4 10. Nxd4 c5 11. N4b3 Qe7 12. e5 Nxe5 13. Bxd5 Nxd5 14. f4 Bg4 15. Qc2 Nf3+ 16. Nxf3 Qxe1+ 17. Nxe1 Rxe1+ 18. Kf2 Re2+ 19. Qxe2 Bxe2 20. Kxe2 Re8+ 21. Kf2 b6 22. Bd2 c4 23. Nd4 Nb4 24. Kf3 Bxd4 25. cxd4 Nc2 26. Rd1 Nxd4+ 27. Kg4 Kg7 28. Bc3 f5+ 29. Kh3 Kf7 30. Rxd4 b5 31. Rd7+ Re7 32. Rxe7+ Kxe7 33. Kh4 h6 34. Bg7 h5 35. Kg5 Kf7 36. Bc3 a6 37. h4 1-0

[Event "Relampago R-031 corr"]
[Site "CXV corr"]
[Date "2001.06.23"]
[Round "?"]
[White "De Lira, Carlos Alberto"]
[Black "Resende de Almeida, Paulo Sergio"]
[Result "1/2-1/2"]
[WhiteElo "1339"]
[BlackElo "1422"]
[PlyCount "124"]
[EventDate "2001.??.??"]
[EventType "tourn (corr)"]
[EventRounds "6"]
[EventCountry "BRA"]
[SourceTitle "Corr 2004"]
[Source "ChessBase"]
[SourceDate "2003.04.28"]
[SourceVersion "3"]
[SourceVersionDate "2003.04.28"]
[SourceQuality "1"]

1. d4 g6 2. c4 Bg7 3. Nc3 d6 4. Nf3 Bg4 5. e3 Nd7 6. Be2 e6 7. 0-0 Ne7 8. b3 0-0 9. Bb2 c6 10. Re1 d5 11. a4 dxc4 12. Bxc4 Bxf3 13. Qxf3 e5 14. Rad1 exd4 15. exd4 Nb6 16. Ba3 Nbc8 17. Qe4 Bf6 18. Ne2 Qc7 19. Qf4 Qxf4 20. Nxf4 Rd8 21. d5 Nxd5 22. Nxd5 cxd5 23. Rxd5 Nb6 24. Rxd8+ Rxd8 25. Be2 Rd7 26. Bb5 Rd8 27. Bc5 Kg7 28. Bxb6 axb6 29. g3 Rd2 30. Re2 Rxe2 31. Bxe2 Be7 32. Bf3 h5 33. h3 f5 34. Bxb7 h4 35. Bc8 hxg3 36. fxg3 Kf6 37. Kf2 g5 38. Kf3 Ke5 39. Ba6 Kd4 40. Bc4 Ke5 41. Bd3 Ke6 42. g4 f4 43. Ke4 Kd6 44. Bf1 Kc6 45. h4 gxh4 46. Kxf4 Kd7 47. g5 Bb4 48. Kf5 Be7 49. Kg4 Ke6 50. Bc4+ Ke5 51. g6 Kf6 52. Kxh4 Kxg6+ 53. Kg4 Bd6 54. Kf3 Kf5 55. Ke3 Ke5 56. Kd3 Bb4 57. Bg8 Kd6 58. Kc4 Be1 59. Kb5 Kc7 60. b4 Bd2 61. Kc4 Kb7 62. b5 Ba5 1/2-1/2

[Event "Relampago R-033 corr"]
[Site "CXV corr"]
[Date "2001.04.20"]
[Round "?"]
[White "Schreiber, Eder Jonas"]
[Black "Resende de Almeida, Paulo Sergio"]
[Result "0-1"]
[WhiteElo "1700"]
[BlackElo "1500"]
[PlyCount "42"]
[EventDate "2001.??.??"]
[EventType "tourn (corr)"]
[EventRounds "12"]
[EventCountry "BRA"]
[SourceTitle "Corr 2004"]
[Source "ChessBase"]
[SourceDate "2003.04.28"]
[SourceVersion "3"]
[SourceVersionDate "2003.04.28"]
[SourceQuality "1"]

1. e4 g6 2. d4 d6 3. Nf3 Bg7 4. h3 Nf6 5. Nc3 0-0 6. Bc4 Nbd7 7. 0-0 e5 8. d5 Nh5 9. Re1 f5 10. Ng5 f4 11. Ne6 Qh4 12. Nxf8 Bxf8 13. Nb5 Ndf6 14. Nxc7 g5 15. Nxa8 g4 16. hxg4 Nxg4 17. Qd2 Bh6 18. Kf1 f3 19. gxf3 Bxd2 20. Ke2 Qxf2+ 21. Kd3 Nf4# 0-1

[Event "Relampago R-031 corr"]
[Site "CXV corr"]
[Date "2001.04.10"]
[Round "?"]
[White "Resende de Almeida, Paulo Sergio"]
[Black "Teixeira, Silvio F"]
[Result "0-1"]
[WhiteElo "1446"]
[BlackElo "1652"]
[PlyCount "74"]
[EventDate "2001.??.??"]
[EventType "tourn (corr)"]
[EventRounds "6"]
[EventCountry "BRA"]
[SourceTitle "Corr 2004"]
[Source "ChessBase"]
[SourceDate "2003.04.28"]
[SourceVersion "3"]
[SourceVersionDate "2003.04.28"]
[SourceQuality "1"]

1. e4 e5 2. Nf3 Nc6 3. Bb5 Nd4 4. Bc4 d5 5. exd5 Bg4 6. Be2 Bxf3 7. Bxf3 Nf6 8. Nc3 Bb4 9. a3 Bxc3 10. dxc3 Nxf3+ 11. Qxf3 Qxd5 12. Qxd5 Nxd5 13. c4 Ne7 14. b4 0-0-0 15. Bb2 Nf5 16. Rd1 Nd6 17. Rd2 Nxc4 18. Rxd8+ Rxd8 19. Bc1 Rd6 20. a4 a5 21. Ke2 axb4 22. Rd1 Rxd1 23. Kxd1 Nb6 24. a5 Nc4 25. Ke2 Nxa5 26. Kd3 b3 27. c4 Kd7 28. Ba3 b6 29. Kc3 c5 30. f3 f5 31. g3 e4 32. fxe4 fxe4 33. Bc1 e3 34. Bxe3 b2 35. Kc2 Nxc4 36. Bf4 Kc6 37. g4 Kb5 0-1